Lecciones de Derecho eclesiástico del Estado de Chile.

Saved in:
Bibliografiske detaljer
Hovedforfatter: Salinas Araneda, Carlos René (autor)
Format: Bog
Sprog:spansk
Udgivet: Valparaíso, Chile Universitarias de Valparaíso 2004
Udgivelse:Primera edición
Fag:
Tags: Tilføj Tag
Ingen Tags, Vær først til at tagge denne postø!

MARC

LEADER 00000cam a2200000 a 4500
001 UCK0042
003 CL-VaPUC
005 20250509120314.0
008 040910e20040800CL |||||||||||||||||spa|d
999 |c 310613  |d 310611 
020 |a 9561703548 
040 |c Pontificia Universidad Católica de Valparaíso 
082 0 4 |a 262.9 SAL 2004  |2 21 
100 |a Salinas Araneda, Carlos René  |e autor  |9 902664 
245 1 0 |a Lecciones de Derecho eclesiástico del Estado de Chile. 
250 |a Primera edición 
260 0 3 |a Valparaíso, Chile  |b Universitarias de Valparaíso  |c 2004 
300 |a 474 páginas 
500 |a El autor es miembro del Pontificio Comité de Ciencias Históricas y miembro correspondiente de la Academia Chilena de la Historia 
583 |a last modification  |c 20150415 05:58:50  |k Rodrigo Vera 
600 0 |a Juan Pablo II  |9 309920 
650 0 |a Derecho eclesiástico  |9 255055 
650 7 |a LIBERTAD RELIGIOSA  |2 CL-VaPUC  |9 487976 
650 0 |a Estado y derecho  |9 255403 
650 0 |a Historia de la iglesia   |9 257565 
650 0 |a Académicos   |x Pontificia Universidad Católica de Valparaíso (PUCV)  |9 255553 
650 0 |a Archivo histórico PUCV  |9 255554 
650 7 |a ESTADO E IGLESIA  |2 CL-VaPUC  |9 404427 
651 7 |a CHILE  |2 CL-VaPUC  |9 487977 
651 0 |a Italia  |9 254949 
651 0 |a España  |9 254926 
942 |c BK  |2 ddc  |n 1 
945 |d 20040910 00:00:00  |a cmena 
952 |0 0  |1 0  |2 ddc  |4 0  |6 262_900000000000000_SAL_2004  |7 0  |8 A  |9 379332  |a BIBTEO  |b BIBTEO  |d 2019-11-21  |i 4063147  |l 1  |o 262.9 SAL 2004  |p 4063147  |r 2025-01-17  |s 2024-08-08  |t 2  |w 2019-11-21  |y BK  |k ICR 
952 |0 0  |1 0  |2 ddc  |4 0  |6 262_900000000000000_SAL_2004  |7 0  |8 A  |9 379333  |a BIBTEO  |b BIBTEO  |d 2019-11-21  |i 4063155  |l 3  |o 262.9 SAL 2004  |p 4063155  |r 2025-01-17  |s 2024-09-05  |t 3  |w 2019-11-21  |y BK  |k ICR 
952 |0 0  |1 0  |2 ddc  |4 0  |6 262_900000000000000_SAL_2004  |7 0  |8 A  |9 379334  |a BIBTEO  |b BIBTEO  |d 2019-11-21  |i 4063163  |o 262.9 SAL 2004  |p 4063163  |r 2025-01-17  |t 4  |w 2019-11-21  |y BK  |k ICR 
952 |0 0  |1 0  |2 ddc  |4 0  |6 262_900000000000000_SAL_2004  |7 0  |8 A  |9 379335  |a BIBDER  |b BIBDER  |d 2019-11-21  |i 4063171  |o 262.9 SAL 2004  |p 4063171  |r 2023-01-25  |t 5  |w 2019-11-21  |y BK  |k DER 
952 |0 0  |1 0  |2 ddc  |4 0  |6 262_900000000000000_SAL_2004  |7 0  |8 A  |9 379336  |a BIBDER  |b BIBDER  |d 2019-11-21  |i 406318K  |o 262.9 SAL 2004  |p 406318K  |r 2023-01-25  |t 6  |w 2019-11-21  |y BK  |k DER 
952 |0 0  |1 0  |2 ddc  |4 0  |6 262_900000000000000_SAL_2004  |7 0  |8 A  |9 379337  |a BIBDER  |b BIBDER  |d 2019-11-21  |i 4063198  |l 1  |o 262.9 SAL 2004  |p 4063198  |r 2025-04-17  |s 2025-04-11  |t 7  |w 2019-11-21  |y BK  |k DER 
952 |0 0  |1 0  |2 ddc  |4 0  |6 262_900000000000000_SAL_2004  |7 0  |8 A  |9 379338  |a BIBDER  |b BIBDER  |d 2019-11-21  |i 4063201  |o 262.9 SAL 2004  |p 4063201  |r 2023-01-25  |t 8  |w 2019-11-21  |y BK  |k DER 
952 |0 0  |1 0  |2 ddc  |4 0  |6 262_900000000000000_SAL_2004  |7 0  |8 A  |9 379340  |a BIBDER  |b BIBDER  |d 2019-11-21  |i 4063228  |l 3  |o 262.9 SAL 2004  |p 4063228  |r 2025-04-28  |s 2025-04-22  |t 10  |w 2019-11-21  |y BK  |k DER 
952 |0 0  |1 0  |2 ddc  |4 0  |6 262_900000000000000_SAL_2004  |7 0  |8 A  |9 379341  |a BIBDER  |b BIBDER  |d 2019-11-21  |i 4063236  |o 262.9 SAL 2004  |p 4063236  |r 2023-01-25  |t 11  |w 2019-11-21  |y BK  |k DER 
952 |0 0  |1 0  |2 ddc  |4 0  |6 262_900000000000000_SAL_2004  |7 0  |8 A  |9 379342  |a BIBDER  |b BIBDER  |d 2019-11-21  |i 4063244  |o 262.9 SAL 2004  |p 4063244  |r 2023-01-25  |t 12  |w 2019-11-21  |y BK  |k DER 
952 |0 0  |1 0  |2 ddc  |4 0  |6 262_900000000000000_SAL_2004  |7 0  |8 A  |9 379343  |a BIBDER  |b BIBDER  |d 2019-11-21  |i 4063252  |o 262.9 SAL 2004  |p 4063252  |r 2023-01-25  |t 13  |w 2019-11-21  |y BK  |k DER 
952 |0 0  |1 0  |2 ddc  |4 0  |6 262_900000000000000_SAL_2004  |7 0  |8 A  |9 379344  |a BIBDER  |b BIBDER  |d 2019-11-21  |i 4063260  |l 1  |m 2  |o 262.9 SAL 2004  |p 4063260  |r 2024-10-25  |s 2024-10-08  |t 14  |w 2019-11-21  |y BK  |k DER 
952 |0 0  |1 0  |2 ddc  |4 0  |6 262_900000000000000_SAL_2004  |7 0  |8 A  |9 379345  |a BIBDER  |b BIBDER  |d 2019-11-21  |i 4063279  |o 262.9 SAL 2004  |p 4063279  |r 2023-01-25  |t 15  |w 2019-11-21  |y BK  |k DER 
952 |0 0  |1 0  |2 ddc  |4 0  |6 262_900000000000000_SAL_2004  |7 0  |8 A  |9 379346  |a BIBDER  |b BIBDER  |d 2019-11-21  |i 4063295  |o 262.9 SAL 2004  |p 4063295  |r 2023-01-25  |t 17  |w 2019-11-21  |y BK  |k DER 
952 |0 0  |1 0  |2 ddc  |4 0  |6 262_900000000000000_SAL_2004  |7 0  |8 A  |9 379347  |a BIBDER  |b BIBDER  |d 2019-11-21  |i 4063309  |l 1  |o 262.9 SAL 2004  |p 4063309  |r 2023-04-17  |s 2023-04-05  |t 18  |w 2019-11-21  |y BK  |k DER 
952 |0 0  |1 0  |2 ddc  |4 0  |6 262_900000000000000_SAL_2004  |7 1  |8 C_LRYV  |9 379349  |a BIBDER  |b BIBDER  |d 2019-11-21  |i 4063287  |o 262.9 SAL 2004  |p 4063287  |r 2023-01-25  |t 16  |w 2019-11-21  |y BK_X  |k BRV 
952 |0 0  |1 0  |2 ddc  |4 0  |6 262_900000000000000_SAL_2004  |7 0  |8 A  |9 379350  |a BIBTEO  |b BIBTEO  |d 2019-11-21  |i 4093895  |o 262.9 SAL 2004  |p 4093895  |r 2025-01-17  |t 20  |w 2019-11-21  |y BK  |k ICR 
952 |0 0  |1 0  |2 ddc  |4 0  |6 262_900000000000000_SAL_2004  |7 0  |8 X  |9 379351  |a FDOBUD  |b FDOBUD  |d 2019-11-21  |i 108383K  |o 262.9 SAL 2004  |p 108383K  |r 2019-11-21  |t 1  |w 2019-11-21  |y BK_X  |k FHP